000 00396nam a2200157Ia 4500
008 230711s9999||||xx |||||||||||||| ||und||
041 _aENG
082 _a621.3
_bLU-E
100 _aLizadder,W.J
245 0 _aFundamentals of engineering drawing
250 _a11th
260 _c1994
_aNew Delhi
_bPHI Learning Private Limited
300 _a692
650 _aElectrical Engineering
942 _cBK
999 _c3350
_d3350